LIBRARY & INFORMATION CENTRE, KCAET, TAVANUR

ONLINE PUBLIC ACCESS CATALOGUE (OPAC)

Survey / (Record no. 377)

MARC details
000 -LEADER
fixed length control field 00566cam a2200229ua 4500
041 ## - LANGUAGE CODE
Language code of text/sound track or separate title mal
082 ## - DEWEY DECIMAL CLASSIFICATION NUMBER
Classification number 624.151 7
Item number GEO/SU
100 ## - MAIN ENTRY--AUTHOR NAME
Personal name George , T V .
245 ## - TITLE STATEMENT
Title Survey /
260 ## - PUBLICATION, DISTRIBUTION, ETC. (IMPRINT)
Place of publication Thiruvananthapuram :
Name of publisher State Instititute of Languages ,
Year of publication 1974.
300 ## - PHYSICAL DESCRIPTION
Number of Pages 411 ; .
700 1# - ADDED ENTRY--PERSONAL NAME
Personal name Vappicha , V N .
942 ## - ADDED ENTRY ELEMENTS (KOHA)
Koha item type Books
Holdings
Withdrawn status Lost status Damaged status Home library Current library Date acquired Full call number Accession Number Koha item type
      KAUAET KAUAET 07/04/2012 624.151 7 14190 Books
      KAUAET KAUAET 07/04/2012 624.151 7 14191 Books
      KAUAET KAUAET 07/04/2012 624.151 7 13655 Books
      KAUAET KAUAET 07/04/2012 624.151 7 14188 Books
      KAUAET KAUAET 07/04/2012 624.151 7 14189 Books
      KAUAET KAUAET 17/11/2023 624.151 7 GEO/SU 14187 Books
free website counter